| 000 | 00776nam a22002057a 4500 | ||
|---|---|---|---|
| 999 |
_c17849 _d17849 |
||
| 003 | AR-CdUCM | ||
| 008 | 190509b ||||| |||| 00| 0 spa d | ||
| 040 |
_aMUNICIPALIDAD PROVINCIAL DEL CUSCO _cBIBLIOTECA MUNICIPAL DEL CUSCO |
||
| 082 |
_a338.918 / _bR41 |
||
| 100 |
_aRendón Vásquez, Jorge _99924 |
||
| 245 | _aFundamentos de la evolución económica / | ||
| 260 |
_aLima : _bCumbre, _c1963. |
||
| 300 |
_a158 páginas ; _c17 cm. |
||
| 505 | _aContenido: Las leyes de la evolución -- El desarrollo económico -- EL capitalismo -- El imperialismo -- Que entiende la burguesa por desarrollo económico. | ||
| 650 |
_aDesarrollo económico _91696 |
||
| 650 |
_aCapitalismo _93221 |
||
| 650 |
_aAmérica Latina _91130 |
||
| 942 |
_2ddc _cLIBROS |
||
| 945 |
_adavv _d2019-05-09 |
||